Statistics for Every Country's National Airline

Click here to take the quiz!

General Stats

  • This quiz has been taken 148 times
  • The average score is 30 of 196

Answer Stats

CountryAirline% Correct
Ghana | Honduras | Liechtenstein | +2 others-
100%
FranceAir France
58%
GermanyLufthansa
58%
United KingdomBritish Airways
54%
ChinaAir China
48%
CanadaAir Canada
45%
QatarQatar Airways
43%
RussiaAeroflot
42%
IsraelEL AL
39%
SpainIberia
38%
JapanJapan Airlines
38%
New ZealandAir New Zealand
36%
AustriaAustrian Airlines
36%
EgyptEgyptAir
36%
FinlandFinnair
36%
TurkeyTurkish Airlines
36%
IrelandAer Lingus
35%
Vatican CityALITALIA
34%
South KoreaKorean Air
34%
ArgentinaAerolineas Argentinas
33%
MexicoAeroméxico
32%
IndiaAir India
32%
SingaporeSingapore Airlines
31%
IcelandIcelandair
28%
AlgeriaAir Algerie
27%
BelgiumBrussels Airlines
27%
JordanRoyal Jordanian
27%
Saudi ArabiaSaudia
27%
GreeceAegean Airlines
25%
MaltaAir Malta
25%
BahrainGulf Air
25%
AustraliaQantas Airways
25%
MoroccoRoyal Air Maroc
25%
Denmark | SwedenScandinavian Airlines
25%
AlbaniaAir Albania
24%
South AfricaSouth African Airways
24%
LatviaairBaltic
23%
FijiFiji Airways
23%
PolandLOT Polish Airlines
23%
PortugalTAP Portugal
23%
BelarusBelavia
22%
OmanOman Air
22%
MauritiusAir Mauritius
21%
Czech RepublicCzech Airlines
21%
United Arab EmiratesEtihad Airways
21%
SerbiaAir Serbia
20%
LuxembourgLuxair
20%
AzerbaijanAzerbaijan Airlines
19%
IranIranAir
19%
CroatiaCroatia Airlines
18%
KenyaKenya Airways
18%
KuwaitKuwait Airways
18%
BruneiRoyal Brunei Airlines
18%
SwitzerlandSwiss International Air Lines
18%
North KoreaAir Koryo
17%
BangladeshBiman Bangladesh Airlines
17%
TaiwanChina Airlines
17%
ItalyITA Airways
17%
RomaniaTAROM
17%
VietnamVietnam Airlines
17%
KazakhstanAir Astana
16%
SeychellesAir Seychelles
16%
BahamasBahamasAir
16%
BhutanDrukair
16%
LebanonMiddle East Airlines
16%
PakistanPakistan International Airlines
16%
RwandaRwandAir
16%
Sri LankaSriLankan Airlines
16%
UkraineUkraine International Airlines
16%
MadagascarAir Madagascar
15%
TunisiaTunisair
15%
AfganistanAriana Afghan Airlines
14%
BulgariaBulgaria Air
14%
Trinidad and TobagoCaribbean Airlines
14%
BotswanaAir Botswana
13%
SenegalAir Senegal
13%
PanamaCopa Airlines
13%
NetherlandsKLM Royal Dutch Airlines
13%
VanuatuAir Vanuatu
12%
IndonesiaGaruda Indonesia Airlines
12%
PhilippinesPhilippine Airlines
12%
MoldovaAir Moldova
11%
NamibiaAir Namibia
11%
Papua New GuineaAir Niugini
11%
GeorgiaGeorgian Airways
11%
IraqIraqi Airways
11%
UzbekistanUzbekistan Airways
11%
TanzaniaAir Tanzania
9%
ZimbabweAir Zimbabwe
9%
El SalvadorAvianca El Salvador
9%
CubaCubana de Aviación
9%
ChileLatam Airlines
9%
AndorraAir Andorra
8%
Burkina FasoAir Burkina
8%
DjiboutiAir Djibouti
8%
KiribatiAir Kiribati
8%
MontenegroAir Montenegro
8%
BrazilLATAM Brasil
8%
AngolaTAAG Angola Airways
8%
ThailandThai Airways International
8%
YemenYemenia
8%
BoliviaBoliviana de Aviación
7%
Cape VerdeCabo Verde Airlines
7%
LaosLao Airlines
7%
MalawiMalawi Airlines
7%
UgandaUganda Airlines
7%
JamaicaAir Jamaica
6%
KyrgyzstanAir Kyrgyzstan
6%
CameroonCameroon Airlines
6%
CyprusCyprus Airways
6%
ArmeniaFly Arna
6%
LibyaLibyan Airlines
6%
MaldivesMaldivian
6%
MongoliaMIAT Mongolian Airlines
6%
Solomon IslandsSolomon Airlines
6%
SyriaSyrian Air
6%
SloveniaAdria Airways
5%
Côte d’IvoireAir Côte d'Ivoire
5%
TogoAir Togo
5%
Bosnia and HerzegovinaB&H Airlines
5%
BurundiBurundi Airlines
5%
CambodiaCambodia Angkor Air
5%
VenezuelaConviasa
5%
MozambiqueLAM Mozambique Airlines
5%
EstoniaNordica
5%
South Sudan | SudanSudan Airways
5%
TajikistanTajik Air
5%
Guinea-BissauAir Bissau
4%
NigeriaAir Nigeria
4%
East TimorAir Timor
4%
BeninBenin Airlines
4%
Antigua and BarbudaBMN Air
4%
EritreaEritrean Airlines
4%
BarbadosREDjet
4%
EcuadorTAME
4%
Costa RicaAvianca Costa Rica
3%
GuatemalaAvianca Guatemala
3%
BelizeBelize Airways
3%
MonacoHeli Air Monaco
3%
Central African RepublicKarinou Airlines
3%
HungaryMalév Hungarian Airlines
3%
MauritaniaMauritania Airlines
3%
SlovakiaSlovak Airlines
3%
SurinameSurinam Airways
3%
ChadTchadia Airlines
3%
MaliAérienne du Mali
2%
GuineaAir Guinee Express
2%
Marshall Islands | TuvaluAir Marshall Islands
2%
Saint Kitts and NevisAir St
2%
Dominican RepublicArajet Airlines
2%
ColombiaAvianca S.A.
2%
ComorosComoro Islands Airline
2%
Democratic Republic of the Congo | Republic of CongoCongo Airways S.A.
2%
MicronesiaContinental Micronesia
2%
DominicaDominicana de Aviación
2%
LithuaniaflyLAL
2%
GambiaGambia International Airlines
2%
Equatorial GuineaGuinea Equatorial Airlines
2%
GuyanaGuyana Airways
2%
KosovoKosova Airlines
2%
ParaguayLATAM Airlines Paraguay
2%
PeruLATAM Airlines Peru
2%
LesothoLesotho Airways
2%
LiberiaLone Star Air
2%
MalaysiaMalaysia Airlines Berhad
2%
North MacedoniaMAT Macedonian Airlines
2%
MyanmarMyanmar National Airlines
2%
EthiopiaNational Airways Ethiopia
2%
GabonNational Airways Gabon
2%
NauruNauru Airlines
2%
NicaraguaNICA Airlines
2%
NigerNiger Airlines
2%
NorwayNorwegian Air Norway
2%
TurkmenistanOJSC Turkmenistan Airlines
2%
PalauPalau Pacific Airways
2%
UruguayPUA PLUNA
2%
EswatiniRoyal Eswatini National Airways
2%
NepalRoyal Nepal Airlines
2%
TongaRoyal Tongan Airlines
2%
Saint LuciaSaint Lucia Air
2%
SamoaSamoa Airways
2%
Sierra LeoneSierra Leone Airways
2%
SomaliaSomali Airlines
2%
Sao Tome and PrincipeSTP Airways
2%
Saint Vincent and the GrenadinesSt. Vincent and the Grenadines Air
2%
GrenadaSVG AIR
2%
HaitiTortug'Air S.A.
2%
ZambiaZambia Airways
2%

Score Distribution

Percentile by Number Answered

Percent of People with Each Score

Your Score History

You have not taken this quiz